Caracteres históricos de la Iglesia / (Record no. 180772)

MARC details
000 -LEADER
campo de control de longitud fija 01289nam a2200301 i 4500
001 - NÚMERO DE CONTROL
campo de control 180772
003 - IDENTIFICADOR DE NÚMERO DE CONTROL
campo de control ES-MaACL
005 - FECHA Y HORA DE LA ÚLTIMA TRANSACCIÓN
campo de control 20250704063125.0
008 - DATOS DE LONGITUD FIJA--INFORMACIÓN GENERAL
campo de control de longitud fija 120711s2011 sp |||| |dspa d
020 ## - NÚMERO INTERNACIONAL ESTÁNDAR DEL LIBRO
Número Internacional Estándar del Libro 978-84-937462-4-7
080 ## - NÚMERO DE LA CLASIFICACIÓN DECIMAL UNIVERSAL
Número de la Clasificación Decimal Universal 27(460)
080 ## - NÚMERO DE LA CLASIFICACIÓN DECIMAL UNIVERSAL
Número de la Clasificación Decimal Universal 261.7"04/14"
100 1# - ENTRADA PRINCIPAL--NOMBRE DE PERSONA
Nombre de persona Castro, Fernando de,
Fechas asociadas al nombre 1814-1874
9 (RLIN) 150497
245 10 - MENCIÓN DEL TÍTULO
Título Caracteres históricos de la Iglesia /
Mención de responsabilidad, etc. Fernando de Castro ; prólogo de Rafael Serrano García.
260 ## - PUBLICACIÓN, DISTRIBUCIÓN, ETC.
Lugar de publicación, distribución, etc. Pamplona :
Nombre del editor, distribuidor, etc. Urgoiti,
Fecha de publicación, distribución, etc. [2011]
300 ## - DESCRIPCIÓN FÍSICA
Extensión CXXI, 200 p. :
Otras características físicas 1 retr. ;
Dimensiones 20 cm.
490 1# - MENCIÓN DE SERIE
Mención de serie Colección historiadores ;
Designación de volumen o secuencia 13
500 ## - NOTA GENERAL
Nota general Índice onomástico.
504 ## - NOTA DE BIBLIOGRAFÍA, ETC.
Nota de bibliografía, etc. Bibliografía: p. CXIII-CXXI.
505 8# - NOTA DE CONTENIDO CON FORMATO
Nota de contenido con formato Contiene: ;
Título Fernando de Castro (1814-1874): recorrido vital y búsquedas intelectuales de un clérigo krausista /
Mención de responsabilidad Rafael Serrano García. --
Título Caracteres históricos de la Iglesia española ;
-- El pontificado y el imperio /
Mención de responsabilidad Fernando de Castro
650 #7 - PUNTO DE ACCESO ADICIONAL DE MATERIA--TÉRMINO DE MATERIA
Término de materia o nombre geográfico como elemento de entrada Iglesia y Estado-
Subdivisión cronológica S.V-XV.
9 (RLIN) 150926
651 #7 - PUNTO DE ACCESO ADICIONAL DE MATERIA--NOMBRE GEOGRÁFICO
Nombre geográfico España-
Subdivisión general Historia eclesiástica.
9 (RLIN) 8368
700 1# - ENTRADA AGREGADA--NOMBRE PERSONAL
Nombre de persona Serrano García, Rafael.
9 (RLIN) 105756
830 0# - PUNTO DE ACCESO ADICIONAL DE SERIE-TÍTULO UNIFORME
Título uniforme Colección historiadores ;
Designación de volumen o secuencia 13
9 (RLIN) 224643
852 ## - LOCALIZACIÓN
Ubicación ES-MaACL
Número de control de estantería A-12135
itemnumber 187680
Sublocalización o colección R.147073
Ubicación en estantería Depósito 1
Signatura antigua Olim: N-5140
942 ## - ELEMENTOS DE ENTRADA SECUNDARIOS (KOHA)
Fuente del sistema de clasificación o colocación Clasificación decimal universal
Tipo de ítem Koha Libro impreso
Holdings
Estatus retirado Estado de pérdida Fuente del sistema de clasificación o colocación Estado de daño No para préstamo Biblioteca de origen Biblioteca actual Ubicación en estantería Fecha de adquisición Fuente de adquisición Total de préstamos Signatura topográfica completa Código de barras Visto por última vez Precio de reemplazo Tipo de ítem Koha
    Clasificación decimal universal     Biblioteca del Ateneo de Madrid Biblioteca del Ateneo de Madrid Depósito 1 11/07/2012 Compra   A-12135 1189963 23/02/2023 23/02/2023 Libro impreso